Quizzes
Events
Quiz Creation
Community
Videos
Private Events
Remove Ads
Sign In
Join for FREE
Feedback
Dark Mode
Quiz Categories
Sports
Geography
Music
Movies
Television
Just For Fun
Miscellaneous
History
Literature
Language
Science
Gaming
Entertainment
Religion
Holiday
For Kids
Quiz Lab
Recent
Popular Today
Quiz Kudos Today
Editor Picks
Curator Picks
Quizzes by...
Day
Popularity
Type
Ratings
Length
Year
Community
Subscriptions
Recent Discussions
Orange Saloon
Badges
Playlists
Quests
Create
Leaderboards
Showdown
Live 5
Trivia Bingo
Activity
Puzzle Library
Sporcle Events
Private Events
Virtual Trivia
Globe League
Become a Host
Pub Owners
SporcleCon
Opinionation
Our Games
Videos
Blog
Mobile Apps
Partnerships
Remove Ads and Go Orange
Feedback
Music
Pop Music
The Beatles
Song
Album
Lyrics
Bands
Singers
Artist
Clip
Rock
Rap
Classical
Billboard
Country Music
Kpop
Taylor Swift
Music
Pop Music
The Beatles
Song
Album
Lyrics
Bands
Singers
Artist
Clip
Rock
Rap
Classical
Billboard
Country Music
Kpop
Taylor Swift
Random Quiz
Search Sporcle
×
Quiz Lab
Quiz Lab
Music
Lyrics
Type in answers that appear in a list
Type in answers that appear in a list
Classic
Best Score? Go Orange.
'Black' lyrics Stats
Can you name the lyrics to Black by Pearl Jam?
By
avsharrison
7m
21 Questions
487 Plays
487 Plays
487 Plays
Comments
Comments
Give Quiz Kudos
Give Quiz Kudos
-
- Ratings
hide this ad
Replay
Link that replays current quiz
Next Quiz
Link to next quiz in quiz playlist
You Got
0%
They Got
Avg Score
45%
Avg Friend Score
Upgrade to see
Score Distribution
Jump to the score distribution portion of the page
Score
0/21
Timer
07:00
0
Plays Today
Provided lyric
Lyric
% Correct
sheets of empty canvas
untouched sheets of clay
69.4%
were laid spread out before me
as her body once did
69.4%
I'm spinning, oh
I'm spinning
66.3%
now that air I tasted a breathed
has taken a turn
60.4%
ooh and all I
taught her was everything
58.1%
I know you'll be a star
in somebody else's sky
54.6%
uh huh, uh huh, ooh, I know some day
you'll have a beautiful life
53.8%
but why, why, why
can't it be mine
52.6%
I take a walk outside
I'm surrounded by some kids at play
50.1%
all the love gone bad
turned my world to black
46%
oh and twisted thoughts that
spin round my head
42.9%
Provided lyric
Lyric
% Correct
do do do do do do do
do do do do do do do
42.3%
ooh I know she
gave me all that she wore
41.9%
oh the pictures have all
been washed in black, tattooed everything
37%
all the pictures have all
been washed in black, tattooed everything
37%
and now my bitter hands
cradle broken glass of what was everything
36.6%
how quick the
sun can drop away
34.9%
I can feel their laughter
so why do I sear
30.8%
all five horizons revolved around her soul
like the earth to the sun
29.4%
tattooed all I see
all that I am, all I'll be
24.8%
and now my bitter hands
chafe beneath the clouds of what was everything
21.8%
Quiz Playlist
Details
Report
Send in Message
Add To Playlist
Classic:
Type in answers that appear in a list
Last Updated: Feb 16, 2017
Quiz Scoreboard
CHALLENGE
Sign Up to Join the Scoreboard
Show All
Scores
Hide
Comments
May contain spoilers
Recently Published
One Thing in Common: World Cities II
by knightlancer
Geography
7m
Popular People in 1961
by mucciniale
History
6m
1-10 Letter E Words III
by El_Dandy
Language
2m
More to Explore
Quiz From the Vault
Featured Blog Post
Where Did the Easter Bunny Come From?
hide this ad
You Might Also Like...
Tags
Lyrics Quiz
black
jam
pearl
Provided
Today's Top Quizzes in Music
Browse Music
hide this ad
Today's Top Quizzes in Lyrics
Browse Lyrics
Top Contributed Quizzes in Music
1
Taylor Swift All Songs (2024)
2
2010s Album by Cover III
3
One Thing in Common: Music
4
Taylor Swift Logic Puzzle
5
Guess the Artist- 70s Songs
6
2010s Album by Cover IV
7
Guess the Taylor Swift song (Mystery Song)
8
2010s Album by Cover V
9
Lana Del Rey Discography (BTD to DYKTTATUOB)
10
2010s Album by Cover VI
Explore More
Trending Topics
Harry Potter
Kpop
Anime
Crossword
NBA
Marvel
Disney
WWE
NFL
The Office
Pokémon
Song
Puzzle
Country
Soccer
hide this ad
More By:
avsharrison
Quiz
Plays
Rating
Category
Featured
Created
'Black' lyrics
487
2.60
Music
Feb 27, 2010
'1979' lyrics
340
3.14
Music
Feb 27, 2010
1990s Alternative Rock Lineups
265
2.75
Music
Feb 17, 2010
Colorado Avalanche 2009-10 Rookies
117
5.00
Sports
Feb 10, 2010
Colorado Avalanche Teams Post Lockout
86
1.00
Sports
Feb 10, 2010
Go to Creator's Profile
Score Distribution
Quiz Creator Spotlight
avsharrison
Follow
Send a Message
Quizzes Created
-
Created Quiz Play Count
-
More By This Creator
Popular Quizzes Today
1
Find the US States - No Outlines Minefield
2
Find the Countries of Europe - No Outlines Minefield
3
The Countries of the World
4
Popular People in 1961
5
1-10 Letter E Words III
6
Find the US States
7
One Thing in Common: World Cities II
8
US States
More Music Quizzes
kpop songs 2022 crossword
Quiz Lab
Trending Quizzes
Risky Map Clicking: Least Populous States A-Z
1-10 Letter F Words
1-10 Letter G Words
One Thing in Common: United Kingdom
Risky Map Clicking: Biggest States A-Z
Recently Updated
Leaping Animals
pecheneg
Reality TV Shows (A-Z)
bhenderson79
Rickey Henderson's Hall of Fame Teammates
pecheneg
Champions League XIs: Arsenal
pecheneg
Quick Pick: Celebrities in WWE's Hall of Fame
aduchscher
A-Z Keypad Blitz II
pecheneg
Multiple Oscar Actors
pecheneg
Mystery Phrase Blitz: Oscar 'Best Actors'
pecheneg
F. Scott Fitzgerald Novels
LTH
Pick 3 Villains
ddd62291
Trending Topics
Marvel
Kpop
NBA
Crossword
Anime
Harry Potter
Disney
Country
Pokémon
Puzzle
The Office
Soccer
WWE
NFL
Song
Your Account Isn't Verified!
In order to create a playlist on Sporcle, you need to verify the email address you used during registration. Go to your
Sporcle Settings
to finish the process.
Report this User
Report this user for behavior that violates our
Community Guidelines
.
Details:
Send Report
Go to the Sporcle.com Mobile Site →
Comments